[Event "EU-Cup Online Gr-I"]
[Site "Tornelo INT"]
[Date "2021.03.27"]
[Round "2.4"]
[White "Vavra, Michal"]
[Black "Devallee, Jeremie"]
[Result "0-1"]
[WhiteElo "1986"]
[BlackElo "2220"]
[PlyCount "66"]
[EventDate "2021.03.27"]
[EventType "team-tourn (rapid)"]
[EventRounds "9"]
[EventCountry "NET"]
[SourceTitle "CBM 201 Extra"]
[Source "ChessBase"]
[SourceDate "2021.05.31"]
[SourceVersion "1"]
[SourceVersionDate "2021.05.31"]
[SourceQuality "1"]
[WhiteTeam "Brno Moravska Slavia"]
[BlackTeam "Chartres II"]
[WhiteTeamCountry "CZE"]
[BlackTeamCountry "FRA"]

1. Nf3 g6 2. d4 Bg7 3. g3 f5 4. Bg2 Nf6 5. 0-0 0-0 6. c4 d6 7. Nc3 c6 8. Bf4 h6 9. h4 Nh5 10. Qd2 Nxf4 11. Qxf4 Qe8 12. d5 e5 13. dxe6 Bxe6 14. Rad1 Qf7 15. Qxd6 Nd7 16. c5 Rad8 17. Nd4 Bc4 18. b3 Be5 19. bxc4 Bxd6 20. cxd6 Qxc4 21. Nd5 cxd5 22. Ne6 Nb6 23. Nxf8 Kxf8 24. Rc1 Qb4 25. Rc7 Qxd6 26. Rxb7 Rd7 27. Rxd7 Qxd7 28. Kh2 h5 29. Rd1 Kg7 30. e3 Kf6 31. Rd4 Qc6 32. Rd2 Ke5 33. Kg1 Qc1+ 0-1

[Event "Pardubice Czech op-E 31st"]
[Site "Pardubice"]
[Date "2020.09.19"]
[Round "5.4"]
[White "Hrdina, Robin"]
[Black "Vavra, Michal"]
[Result "1-0"]
[WhiteElo "2197"]
[BlackElo "1978"]
[PlyCount "69"]
[EventDate "2020.09.17"]
[EventType "team-swiss"]
[EventRounds "7"]
[EventCountry "CZE"]
[SourceTitle "CBM 198 Extra"]
[Source "ChessBase"]
[SourceDate "2020.11.30"]
[SourceVersion "1"]
[SourceVersionDate "2020.11.30"]
[SourceQuality "1"]
[WhiteTeam "Vlasim Anytrade"]
[BlackTeam "Brno Moravska Slavia"]
[WhiteTeamCountry "CZE"]
[BlackTeamCountry "CZE"]

1. e4 c5 2. c3 d5 3. exd5 Qxd5 4. d4 Nc6 5. Nf3 Bg4 6. Be2 cxd4 7. cxd4 e6 8. Nc3 Bb4 9. 0-0 Bxc3 10. bxc3 Nf6 11. Ba3 Qa5 12. Qb3 0-0-0 13. Rab1 Qc7 14. Rfe1 h5 15. Bc1 Nd5 16. Bd2 h4 17. h3 Bf5 18. Rb2 f6 19. c4 Nb6 20. Bc3 Rh6 21. a4 g5 22. a5 Nd7 23. d5 Nce5 24. d6 Qb8 25. Nxe5 fxe5 26. Bb4 e4 27. Qc3 Nf6 28. Qe5 g4 29. Bxg4 Bxg4 30. hxg4 Nxg4 31. Qg5 h3 32. Qxg4 hxg2 33. Rxe4 Rxd6 34. Bxd6 Qxd6 35. Qg8+ 1-0

[Event "CZE-chT1E 1920"]
[Site "Czech Republic"]
[Date "2020.06.14"]
[Round "11.7"]
[White "Vavra, Michal"]
[Black "Till, Vaclav"]
[Result "1-0"]
[WhiteElo "2010"]
[BlackElo "1499"]
[PlyCount "89"]
[EventDate "2019.10.20"]
[EventType "team-tourn"]
[EventRounds "11"]
[EventCountry "CZE"]
[SourceTitle "EXT 2021"]
[Source "ChessBase"]
[SourceDate "2020.10.23"]
[SourceVersion "1"]
[SourceVersionDate "2020.10.23"]
[SourceQuality "1"]
[WhiteTeam "Brno Moravska Slavia II"]
[BlackTeam "Rychnov nad Kneznou"]
[WhiteTeamCountry "CZE"]
[BlackTeamCountry "CZE"]

1. Nf3 d5 2. c4 dxc4 3. e3 Bg4 4. Bxc4 e6 5. 0-0 Nf6 6. Nc3 Be7 7. b3 0-0 8. Be2 Nbd7 9. Bb2 c6 10. d4 Bd6 11. Qc2 e5 12. Rad1 Qc7 13. h3 exd4 14. Nxd4 Bxe2 15. Ncxe2 Rfe8 16. Nf5 Bf8 17. Ned4 Rad8 18. Nf3 g6 19. N5d4 c5 20. Nb5 Qb6 21. Nc3 Bg7 22. Rd2 Nb8 23. Rxd8 Rxd8 24. Na4 Qc7 25. Be5 Qc6 26. Qxc5 Ne4 27. Qa5 Re8 28. Bxg7 Kxg7 29. Qxa7 Nd7 30. Qd4+ Kg8 31. Nb2 Nc3 32. Qd2 Nb6 33. Nd4 Qc7 34. Rc1 Rc8 35. Kh1 Ne4 36. Rxc7 Nxd2 37. Rxc8+ Nxc8 38. Kg1 Nd6 39. Na4 Kf8 40. f3 Nb1 41. Nb6 Ke7 42. Kf2 Kd8 43. Nd5 Na3 44. Nc3 Kc7 45. Ke2 1-0

[Event "CZE-chT1E 1920"]
[Site "Czech Republic"]
[Date "2019.10.20"]
[Round "1.5"]
[White "Vavra, Michal"]
[Black "Kostka, Vit"]
[Result "0-1"]
[WhiteElo "2010"]
[BlackElo "2143"]
[PlyCount "82"]
[EventDate "2019.10.20"]
[EventType "team-tourn"]
[EventRounds "11"]
[EventCountry "CZE"]
[SourceTitle "CBM 192 Extra"]
[Source "Chessbase"]
[SourceDate "2019.11.06"]
[SourceVersion "1"]
[SourceVersionDate "2019.11.06"]
[SourceQuality "1"]
[WhiteTeam "Brno Moravska Slavia II"]
[BlackTeam "Orlova Slavia"]
[WhiteTeamCountry "CZE"]
[BlackTeamCountry "CZE"]

1. d4 Nf6 2. Nf3 g6 3. g3 Bg7 4. Bg2 0-0 5. 0-0 d6 6. c4 Nc6 7. Nc3 Nd7 8. e4 e5 9. Be3 a6 10. Rc1 h6 11. Qd2 Kh7 12. h3 f5 13. exf5 gxf5 14. d5 Ne7 15. Bg5 e4 16. Bxe7 Qxe7 17. Rce1 Qf7 18. Nh2 Ne5 19. b3 Qh5 20. Ne2 Nd3 21. Nf4 Nxf4 22. Qxf4 Be5 23. Qe3 Rg8 24. Rc1 b6 25. Kh1 Bd7 26. Rg1 Rg7 27. Bf1 Rag8 28. Qe2 Qg5 29. Bg2 Kh8 30. Rce1 f4 31. h4 Qf6 32. Bxe4 fxg3 33. fxg3 Rxg3 34. Rxg3 Rxg3 35. Rf1 Qxh4 36. Rf8+ Kg7 37. Rf2 Rh3 38. Rg2+ Kh8 39. Bc2 Bg4 40. Qf2 Qxf2 41. Rxf2 Bf3+ 0-1

[Event "CZE-chT2E 1718"]
[Site "Czech Republic"]
[Date "2018.02.25"]
[Round "9.8"]
[White "Vavra, Michal"]
[Black "Tovarek, Antonin"]
[Result "0-1"]
[WhiteElo "1987"]
[BlackElo "2010"]
[PlyCount "120"]
[EventDate "2017.10.15"]
[EventType "team-tourn"]
[EventRounds "11"]
[EventCountry "CZE"]
[SourceTitle "EXT 2022"]
[Source "ChessBase"]
[SourceDate "2021.10.06"]
[SourceVersion "1"]
[SourceVersionDate "2021.10.06"]
[SourceQuality "1"]
[WhiteTeam "Brno Moravska Slavia II"]
[BlackTeam "Jundrov Jezdci"]
[WhiteTeamCountry "CZE"]
[BlackTeamCountry "CZE"]

1. d4 Nf6 2. g3 e6 3. Bg2 c5 4. Nf3 cxd4 5. Nxd4 Nc6 6. 0-0 d5 7. c4 e5 8. Nxc6 bxc6 9. Nc3 e4 10. Bg5 Bb4 11. Nxd5 cxd5 12. Qa4+ Bd7 13. Qxb4 Rb8 14. Qd6 Rb6 15. Qe5+ Re6 16. Bxf6 Rxe5 17. Bxd8 Kxd8 18. cxd5 Rhe8 19. Rfd1 Bb5 20. Bf1 Kd7 21. Rac1 Kd6 22. e3 Bd7 23. b3 f5 24. a4 g5 25. Bc4 h5 26. a5 Rb8 27. Rb1 Rb4 28. Rbc1 Re7 29. Kf1 f4 30. exf4 gxf4 31. gxf4 Rg7 32. Rc3 h4 33. Re3 Bf5 34. a6 Rb8 35. Ke1 Rg2 36. h3 Rbg8 37. Bf1 Rh2 38. Rc1 Rg1 39. Ke2 Bxh3 40. Rxe4 Rhh1 41. Bxh3 Rxc1 42. Bg2 Rhe1+ 43. Kf3 Rxe4 44. Kxe4 Rc3 45. f3 Rc2 46. Bf1 Rf2 47. Bh3 Rh2 48. Bg4 h3 49. f5 Re2+ 50. Kd3 h2 51. Kxe2 h1Q 52. Ke3 Qe1+ 53. Kf4 Qe5+ 54. Kg5 Qg7+ 55. Kf4 Kxd5 56. Kg3 Qf6 57. Kf4 Qh6+ 58. Kg3 Qxa6 59. Bh5 Qf6 60. Bg6 Kc5 0-1

[Event "CZE-chT2E 1718"]
[Site "Czech Republic"]
[Date "2018.01.28"]
[Round "7.8"]
[White "Vavra, Michal"]
[Black "Mlensky, Dalibor"]
[Result "1-0"]
[WhiteElo "1987"]
[BlackElo "2137"]
[PlyCount "51"]
[EventDate "2017.10.15"]
[EventType "team-tourn"]
[EventRounds "11"]
[EventCountry "CZE"]
[SourceTitle "EXT 2022"]
[Source "ChessBase"]
[SourceDate "2021.10.06"]
[SourceVersion "1"]
[SourceVersionDate "2021.10.06"]
[SourceQuality "1"]
[WhiteTeam "Brno Moravska Slavia II"]
[BlackTeam "Prusanky Podluzan"]
[WhiteTeamCountry "CZE"]
[BlackTeamCountry "CZE"]

1. Nf3 b6 2. g3 Bb7 3. Bg2 e6 4. 0-0 Be7 5. d3 f5 6. Nc3 Nf6 7. e4 fxe4 8. Ng5 Nc6 9. Ncxe4 0-0 10. Nxf6+ Bxf6 11. Nxh7 Kxh7 12. Be4+ Kg8 13. Qh5 Re8 14. Bg6 Ne5 15. Bh7+ Kf8 16. f4 Nf7 17. c3 Qe7 18. Be3 Qd6 19. Qh3 e5 20. Bg6 exf4 21. Bxf4 Qc5+ 22. d4 Qd5 23. Rae1 Rxe1 24. Rxe1 Re8 25. Qh8+ Nxh8 26. Rxe8# 1-0

[Event "CZE-chT 1718"]
[Site "Czech Republic"]
[Date "2018.01.13"]
[Round "5.6"]
[White "Vavra, Michal"]
[Black "Haba, Petr"]
[Result "0-1"]
[WhiteElo "1981"]
[BlackElo "2444"]
[PlyCount "80"]
[EventDate "2017.11.18"]
[EventType "team-tourn"]
[EventRounds "11"]
[EventCountry "CZE"]
[SourceTitle "EXT 2019"]
[Source "ChessBase"]
[SourceDate "2018.10.10"]
[SourceVersion "1"]
[SourceVersionDate "2018.10.10"]
[SourceQuality "1"]
[WhiteTeam "Brno Moravska Slavia"]
[BlackTeam "Novoborsky"]
[WhiteTeamCountry "CZE"]
[BlackTeamCountry "CZE"]

1. Nf3 d5 2. d4 Nf6 3. g3 e6 4. Bg2 b5 5. 0-0 Bb7 6. b3 Nbd7 7. Nbd2 c5 8. c4 dxc4 9. bxc4 b4 10. e3 Be7 11. Bb2 0-0 12. Qc2 Qb6 13. Rac1 Rac8 14. Rfd1 Rfd8 15. h3 h6 16. Ne5 Bxg2 17. Kxg2 cxd4 18. Nxd7 Nxd7 19. Bxd4 Qc6+ 20. Qe4 a5 21. Rc2 Qxe4+ 22. Nxe4 Ne5 23. Rdc1 Nc6 24. Bb2 f5 25. Nd2 a4 26. Nf3 Bc5 27. Rd2 Rxd2 28. Nxd2 Rd8 29. Nf3 a3 30. Ba1 e5 31. Nxe5 Nxe5 32. Bxe5 Rd2 33. Kf3 Rxa2 34. Rb1 Rc2 35. g4 g6 36. gxf5 gxf5 37. Rg1+ Kf7 38. Rb1 a2 39. Rb3 Rc1 40. Kf4 Bd6 0-1

[Event "CZE-chT1E 1617"]
[Site "Czech Republic"]
[Date "2017.02.19"]
[Round "8.4"]
[White "Svancara, Petr"]
[Black "Vavra, Michal"]
[Result "1-0"]
[WhiteElo "2089"]
[BlackElo "1958"]
[PlyCount "85"]
[EventDate "2016.10.16"]
[EventType "team-tourn"]
[EventRounds "11"]
[EventCountry "CZE"]
[SourceTitle "CBM 177 Extra"]
[Source "ChessBase"]
[SourceDate "2017.04.27"]
[SourceVersion "1"]
[SourceVersionDate "2017.04.27"]
[SourceQuality "1"]
[WhiteTeam "Grygov"]
[BlackTeam "Brno Moravska Slavia"]
[WhiteTeamCountry "CZE"]
[BlackTeamCountry "CZE"]

1. e4 c5 2. Nf3 d6 3. d4 cxd4 4. Nxd4 Nf6 5. Bb5+ Bd7 6. 0-0 Nc6 7. Re1 Nxd4 8. Bxd7+ Qxd7 9. Qxd4 g6 10. Nc3 Bg7 11. Bg5 Nh5 12. Qd2 Rd8 13. Rad1 b6 14. h3 Nf6 15. e5 dxe5 16. Qe2 Qc8 17. Rxd8+ Qxd8 18. Qxe5 0-0 19. Qxe7 Qd4 20. Rd1 Nd5 21. Qxf8+ Kxf8 22. Rxd4 Bxd4 23. Nxd5 Bxb2 24. Bf6 Ba3 25. Kf1 Bc5 26. Ke2 Ke8 27. f4 Kd7 28. Kd3 Ke6 29. Ke4 Bd6 30. c4 h5 31. g4 hxg4 32. hxg4 Bc5 33. f5+ gxf5+ 34. gxf5+ Kd7 35. Nf4 Bf2 36. Nd3 Bg3 37. Kd5 Bc7 38. Ne5+ Ke8 39. Kc6 Bb8 40. Kb7 Bd6 41. Kxa7 Bc5 42. Kb7 Bf2 43. Kc6 1-0

[Event "CZE-chT1E 1516"]
[Site "Czech Republic"]
[Date "2016.02.14"]
[Round "8.8"]
[White "Stachon, Martin"]
[Black "Vavra, Michal"]
[Result "1/2-1/2"]
[WhiteElo "2181"]
[BlackElo "1958"]
[PlyCount "64"]
[EventDate "2015.10.11"]
[EventType "team-tourn"]
[EventRounds "11"]
[EventCountry "CZE"]
[SourceTitle "CBM 170 Extra"]
[Source "ChessBase"]
[SourceDate "2016.02.25"]
[SourceVersion "1"]
[SourceVersionDate "2016.02.25"]
[SourceQuality "1"]
[WhiteTeam "Kromeriz"]
[BlackTeam "Brno Moravska Slavia"]
[WhiteTeamCountry "CZE"]
[BlackTeamCountry "CZE"]

1. e4 c5 2. Nf3 d6 3. d4 cxd4 4. Qxd4 Nc6 5. Bb5 Bd7 6. Qd3 Nf6 7. c4 a6 8. Bxc6 Bxc6 9. Nc3 e6 10. 0-0 Be7 11. h3 0-0 12. Rd1 Qd7 13. Be3 b5 14. cxb5 axb5 15. e5 dxe5 16. Nxe5 Qxd3 17. Rxd3 Be4 18. Nxe4 Nxe4 19. Rb3 b4 20. Nc6 Bd6 21. Nxb4 Rfb8 22. Nc2 Rxb3 23. axb3 Rxa1+ 24. Nxa1 Be5 25. b4 Bxb2 26. Nb3 Nc3 27. Kf1 Kf8 28. Bd4 Na4 29. Ba7 Nc3 30. Nd4 Ke8 31. b5 Nd5 32. Ke2 e5 1/2-1/2

[Event "CZE-chT2E 1415"]
[Site "Czech Republic"]
[Date "2014.12.14"]
[Round "4.8"]
[White "Vavra, Michal"]
[Black "Hunacek, Jaroslav"]
[Result "1-0"]
[WhiteElo "1955"]
[BlackElo "1853"]
[PlyCount "117"]
[EventDate "2014.11.02"]
[EventType "team-tourn"]
[EventRounds "11"]
[EventCountry "CZE"]
[SourceTitle "EXT 2022"]
[Source "ChessBase"]
[SourceDate "2021.10.06"]
[SourceVersion "1"]
[SourceVersionDate "2021.10.06"]
[SourceQuality "1"]
[WhiteTeam "Brno Moravska Slavia"]
[BlackTeam "Dalesice Pivovar"]
[WhiteTeamCountry "CZE"]
[BlackTeamCountry "CZE"]

1. Nf3 Nf6 2. d4 g6 3. g3 Bg7 4. Bg2 d6 5. 0-0 0-0 6. c4 c5 7. Nc3 Bd7 8. e4 cxd4 9. Nxd4 Nc6 10. Nc2 Qc8 11. b3 Bh3 12. Qe2 Bxg2 13. Kxg2 Qe6 14. Bd2 Rac8 15. Rac1 Qd7 16. h3 Ne8 17. Nd5 e6 18. Nc3 Nc7 19. Rcd1 Qe7 20. h4 h6 21. f4 f5 22. Rfe1 Qf7 23. Qd3 Rcd8 24. Be3 fxe4 25. Nxe4 d5 26. Nf2 e5 27. Bc5 Rfe8 28. Rf1 Ne6 29. cxd5 Nxc5 30. Qc4 exf4 31. Qxc5 Ne5 32. Nh3 f3+ 33. Kh1 Rc8 34. Qf2 Ng4 35. Qd2 Rcd8 36. Nf4 g5 37. Ne6 Rd6 38. Nxg7 Re2 39. Qd4 Rh2+ 40. Kg1 Rg2+ 41. Kh1 Rxc2 42. Qxg4 Qxg7 43. Qxf3 Rxa2 44. Rde1 Rd8 45. Re6 Rf8 46. Qxf8+ Qxf8 47. Rxf8+ Kxf8 48. Rxh6 gxh4 49. Rxh4 Rd2 50. Rh7 Rxd5 51. Rxb7 a6 52. Kg2 Rd3 53. Kh3 Rd4 54. g4 Kg8 55. Kh4 Rd2 56. Kh5 Rd3 57. g5 Rd1 58. Kh6 Rd6+ 59. g6 1-0

[Event "CZE-chT2E 1314"]
[Site "Czech Republic"]
[Date "2014.02.02"]
[Round "7.6"]
[White "Vavra, Michal"]
[Black "Parak, Dominik"]
[Result "0-1"]
[WhiteElo "1975"]
[BlackElo "2060"]
[PlyCount "118"]
[EventDate "2013.11.03"]
[EventType "team-tourn"]
[EventRounds "11"]
[EventCountry "CZE"]
[SourceTitle "EXT 2016"]
[Source "ChessBase"]
[SourceDate "2015.10.08"]
[SourceVersion "1"]
[SourceVersionDate "2015.10.08"]
[SourceQuality "1"]
[WhiteTeam "Brno Moravska Slavia"]
[BlackTeam "Kurim"]
[WhiteTeamCountry "CZE"]
[BlackTeamCountry "CZE"]

1. Nf3 Nf6 2. d4 d5 3. g3 e6 4. Bg2 Bd6 5. 0-0 0-0 6. c4 c6 7. Nbd2 Nbd7 8. b3 Re8 9. Bb2 Qc7 10. Rc1 Qa5 11. a3 Qd8 12. c5 Bc7 13. b4 e5 14. dxe5 Nxe5 15. Nxe5 Bxe5 16. Bxe5 Rxe5 17. Nc4 Re7 18. Nd6 Bg4 19. f3 Bh5 20. Re1 Qc7 21. Qd4 Bg6 22. Bh3 Nd7 23. f4 Be4 24. Bf5 Nf6 25. Bxe4 dxe4 26. Rcd1 Qd7 27. e3 h5 28. Qc4 Qg4 29. Qe2 Qxe2 30. Rxe2 b5 31. Rd4 g6 32. h3 a6 33. Kf2 Kg7 34. Ra2 Nd5 35. Rad2 f5 36. Ra2 Rea7 37. a4 Nc3 38. Rad2 Nxa4 39. g4 hxg4 40. hxg4 Kf6 41. Rc2 Rh8 42. g5+ Ke6 43. Rcd2 Nc3 44. Kg1 Nd5 45. Re2 Rah7 46. Kf2 Rh1 47. Red2 R8h2+ 48. Kg3 Rh3+ 49. Kf2 R1h2+ 50. Kg1 Rxd2 51. Rxd2 Rxe3 52. Nb7 Rd3 53. Ra2 Nxb4 54. Rb2 Rd4 55. Na5 Kd5 56. Kf1 Nd3 57. Rc2 Nxc5 58. Ke2 Rd3 59. Ke1 Ra3 0-1

[Event "CZE-chT2E 1213"]
[Site "Czech Republic"]
[Date "2013.01.06"]
[Round "6.7"]
[White "Donnert, Milan"]
[Black "Vavra, Michal"]
[Result "1/2-1/2"]
[WhiteElo "2144"]
[BlackElo "1993"]
[PlyCount "48"]
[EventDate "2012.10.14"]
[EventType "team-tourn"]
[EventRounds "11"]
[EventCountry "CZE"]
[SourceTitle "EXT 2016"]
[Source "ChessBase"]
[SourceDate "2015.10.08"]
[SourceVersion "1"]
[SourceVersionDate "2015.10.08"]
[SourceQuality "1"]
[WhiteTeam "Brno Duras II"]
[BlackTeam "Brno Moravska Slavia"]
[WhiteTeamCountry "CZE"]
[BlackTeamCountry "CZE"]

1. e4 c5 2. Nf3 d6 3. c4 Nc6 4. Nc3 g6 5. d4 cxd4 6. Nxd4 Bg7 7. Be3 Nf6 8. Be2 0-0 9. 0-0 Bd7 10. Qd2 Ng4 11. Bxg4 Bxg4 12. f3 Bd7 13. Rad1 Re8 14. b3 a6 15. Nd5 Nxd4 16. Bxd4 Bxd4+ 17. Qxd4 Bc6 18. Rfe1 Bxd5 19. Qxd5 Qc7 20. e5 dxe5 21. Qxe5 Rac8 22. Rd2 Qxe5 23. Rxe5 Rc7 24. Red5 e6 1/2-1/2